Contratación visible manual para un buen control de recursos en la contratación pública (Registro nro. 70838)
[ vista simple ]
| 000 -ENCABEZADO | |
|---|---|
| Número de control [NR] | 01197nam a2200265Ia 4500 |
| 008 - DE LONGITUD FIJA DE DATOS DE ELEMENTOS - INFORMACIÓN GENERAL | |
| Elementos de longitud fija [NR] | 130821s2010 ck a grff spa |
| 020 ## - NUMERO INTERNACIONAL NORMALIZADO PARA LIBROS [R] | |
| Número Internacional Normalizado del libro [NR] | 9789589900123 |
| 040 ## - FUENTE DE CATALOGACION [NR] | |
| Agencia de catalogación original [NR] | Co-BoUCM |
| Idioma de catalogación [NR] | spa |
| 041 00 - CODIGO DE IDIOMA [R] | |
| Código de idioma para texto/pista de sonido o título separado [R] | Español |
| 110 1# - ASIENTO PRINCIPAL--NOMBRE CORPORATIVO [NR] | |
| Nombre corporativo o de jurisdicción como elemento de entrada [NR] | Colombia. |
| Unidad subordinada [R] | Procuraduría General de la Nación |
| 245 10 - MENCION DE TITULO [NR] | |
| Título [NR] | Contratación visible manual para un buen control de recursos en la contratación pública |
| Mención de responsabilidad, etc. [NR] | Procuraduría General de la Nacion |
| 260 ## - PUBLICACION, DISTRIBUCION, ETC. (PIE DE IMPRENTA) [R] | |
| Lugar de publicación, distribución, etc. [R] | Bogotá (Colombia) |
| Nombre del editor, distribuidor, etc. [R] | Imprenta Nacional de Colombia |
| Fecha de publicación, distribución, etc. [R] | 2010 |
| 300 ## - DESCRIPCION FISICA [R] | |
| Extensión [R] | 199 páginas |
| Otros detalles físicos [NR] | ilustraciones, cuadros, gráficos |
| 500 ## - NOTA GENERAL [R] | |
| Nota general [NR] | Incluye relación con las 138 fuentes normativas vigentes. |
| 504 ## - NOTA DE BIBLIOGRAFIA, ETC. [R] | |
| Nota de bibliografía, etc. [NR] | |
| 650 04 - ASIENTO SECUNDARIO DE MATERIA - TERMINO TEMATICO [R] | |
| Término temático o nombre geográfico como elemento de entrada [NR] | Administración pública |
| Subdivisión general [R] | Leyes |
| 9 (RLIN) | 355 |
| 650 04 - ASIENTO SECUNDARIO DE MATERIA - TERMINO TEMATICO [R] | |
| Término temático o nombre geográfico como elemento de entrada [NR] | Contratos administrativos |
| Subdivisión general [R] | Legislación |
| Subdivisión geográfica [R] | Colombia |
| 9 (RLIN) | 7452 |
| 650 04 - ASIENTO SECUNDARIO DE MATERIA - TERMINO TEMATICO [R] | |
| Término temático o nombre geográfico como elemento de entrada [NR] | Contratos públicos |
| Subdivisión general [R] | Legislación |
| Subdivisión geográfica [R] | Colombia |
| 9 (RLIN) | 11849 |
| 650 04 - ASIENTO SECUNDARIO DE MATERIA - TERMINO TEMATICO [R] | |
| Término temático o nombre geográfico como elemento de entrada [NR] | Contratos públicos |
| Subdivisión geográfica [R] | Colombia |
| Subdivisión de forma [R] | Manuales |
| 9 (RLIN) | 11849 |
| 650 04 - ASIENTO SECUNDARIO DE MATERIA - TERMINO TEMATICO [R] | |
| Término temático o nombre geográfico como elemento de entrada [NR] | Derecho administrativo |
| 9 (RLIN) | 12695 |
| 710 1# - ASIENTO SECUNDARIO - NOMBRE CORPORATIVO [R] | |
| Nombre corporativo o de jurisdicción como elemento de entrada [NR] | Colombia. |
| Unidad subordinada [R] | Auditoría general de la República |
| 710 1# - ASIENTO SECUNDARIO - NOMBRE CORPORATIVO [R] | |
| Nombre corporativo o de jurisdicción como elemento de entrada [NR] | Colombia. |
| Unidad subordinada [R] | Instituto de Estudios del Ministerio Público |
| 942 ## - ELEMENTOS DE ENTRADA AGREGADOS (KOHA) | |
| Tipo de ítem principal el descrito en 300a | Libro |
| Tema principal | Derecho |
| Edición | 1 |
| Parte restante de la signatura top. | C764co |
| Sistema de clasificación | DEWEY |
| Clasificación | 342.623 |
| Fecha de último préstamo | Total préstamos | Total Renewals | Signatura topográfica | Código de barras | Última vez visto | Ejemplar | Price effective from | Tipo de ítem | Perdido | Sistema de clasificación | Dañado | No prestable | Tipo de ítem específico | Suprimido | Ubicación habitual | Ubicación actual | Localización | Fecha de creación | Forma de adquisición | Costo |
|---|---|---|---|---|---|---|---|---|---|---|---|---|---|---|---|---|---|---|---|---|
| 23/11/2022 | 10 | 6 | 342.623 C764co | 100111386 | 12/06/2026 | Ej.2 | 03/02/2013 | Libro | DEWEY | Libro | Claustro | Claustro | 3er piso | 30/09/2011 | Donación | 26000.00 | ||||
| 17/05/2019 | 5 | 1 | 342.623 C764co | 100123833 | 12/06/2026 | Ej.5 | 03/02/2013 | Libro | DEWEY | Libro | Claustro | Claustro | 3er piso | 30/09/2012 | Donación | 26000.00 | ||||
| 18/02/2026 | 6 | 4 | 342.623 C764co | 100123832 | 12/06/2026 | Ej.6 | 03/02/2013 | Libro | DEWEY | Libro | Claustro | Claustro | 3er piso | 30/09/2012 | Donación | 26000.00 |